| 000 | 00518nam a22001817a 4500 | ||
|---|---|---|---|
| 999 |
_c532055 _d532055 |
||
| 003 | NUST | ||
| 005 | 20191107113831.0 | ||
| 008 | 191107b ||||| |||| 00| 0 eng d | ||
| 020 | _a1482266571 | ||
| 024 | _a9781482266573 | ||
| 038 | _aMSOHAIL | ||
| 082 | _a0 | ||
| 100 |
_aJoby Boxall _925336 |
||
| 245 |
_aIntegrating Water Systems: _bProceedings of the Tenth International Conference on Computing and Control in the Water Industry |
||
| 260 |
_aLondon _bCRC Press _c2010 |
||
| 300 | _ap;834 | ||
| 942 |
_2ddc _cBK |
||